00457nam a2200157Ia 4500003000500000005001700005008004100022020002900063040001400092082001500106100004100121245004500162260004100207300004100248521001000289322820260112115231.0210816s9999 xx 000 0 und d a9781869221430qPaperback aRDAc3228 a199.6 BROO a BROODRYK, Johann Randburg, 2006  0aUbuntu : life coping skills from Africa  aRandburgbKnowres Publishingc2006  axvi, 197 PagesbIllustrationsc23 cm aAdult